Buteurs des 10 dernières finales de Ligue des Champions - Statistiques

Statistiques générales
  • Ce quiz a été pris 557 fois
  • Le résultat moyen est 9 sur 10
Statistiques - réponses
Hint Réponse % Correct
2020

Bayern Munich - PSG (1-0)
Kingsley Coman
96%
2019

Liverpool FC - Tottenham (2-0)
Mohamed Salah
Divock Origi
95%
2021

Manchester City - Chelsea FC (0-1)
Kai Havertz
94%
2017

Real Madrid - Juventus Turin (4-1)
Cristiano Ronaldo
Mario Mandzukic
Casemiro
Marco Asensio
90%
2013

Borussia Dortmund - Bayern Munich (1-2)
Mario Mandzukic
Ilkay Gundogan
Arjen Robben
90%
2022

Real Madrid - Liverpool FC (1-0)
Vinicius Jr
90%
2018

Real Madrid - Liverpool FC (3-1)
Karim Benzema
Gareth Bale
Sadio Mané
88%
2014

Real Madrid - Atletico de Madrid (4-1 a.p.)
Diego Godin
Sergio Ramos
Gareth Bale
Marcelo
Cristiano Ronaldo
87%
2015

FC Barcelone - Juventus Turin (3-1)
Ivan Rakitic
Alvaro Morata
Luis Suarez
Neymar Jr
87%
2016

Real Madrid - Atletico de Madrid (
Sergio Ramos
Yannick Carrasco
48%
Aucun quiz correspondant
Distribution des résultats
% des personnes avec chaque résultat
Percentile par nombre de réponses
Votre historique - résultats
Vous n’avez pas pris ce quiz